MARC details
| 000 -LEADER |
| campo de control de longitud fija |
01822nam a2200469 i 4500 |
| 001 - NÚMERO DE CONTROL |
| campo de control |
193326 |
| 003 - IDENTIFICADOR DE NÚMERO DE CONTROL |
| campo de control |
SpMaBN |
| 005 - FECHA Y HORA DE LA ÚLTIMA TRANSACCIÓN |
| campo de control |
20250822095228.0 |
| 007 - CAMPO FIJO DE DESCRIPCIÓN FÍSICA--INFORMACIÓN GENERAL |
| campo de control de longitud fija |
ta |
| 008 - DATOS DE LONGITUD FIJA--INFORMACIÓN GENERAL |
| campo de control de longitud fija |
231102s2005 sp | ||| ||spa |
| 016 7# - NÚMERO DE CONTROL DE UNA AGENCIA BIBLIOGRÁFICA NACIONAL |
| Número de control del registro |
bimoBNE20050384993 |
| Fuente |
SpMaBN |
| 017 ## - NÚMERO DE COPYRIGHT O DE DEPÓSITO LEGAL |
| Número de copyright o de depósito legal |
M 24989-2005 |
| Agencia que asigna |
Oficina Depósito Legal Madrid |
| 020 ## - NÚMERO INTERNACIONAL ESTÁNDAR DEL LIBRO |
| Número Internacional Estándar del Libro |
8427031521 |
| 035 ## - NÚMERO DE CONTROL DEL SISTEMA |
| Número de control de sistema |
(OCoLC)433533645 |
| 035 ## - NÚMERO DE CONTROL DEL SISTEMA |
| Número de control de sistema |
bimo0002032431 |
| 040 ## - FUENTE DE CATALOGACIÓN |
| Centro catalogador/agencia de origen |
SpMaBN |
| Lengua de catalogación |
spa |
| Centro/agencia transcriptor |
SpMaBN |
| Normas de descripción |
rdc |
| Centro/agencia modificador |
ES-MaACL |
| 080 ## - NÚMERO DE LA CLASIFICACIÓN DECIMAL UNIVERSAL |
| Número de la Clasificación Decimal Universal |
821.134.1-7"19"(082.2) |
| 245 00 - MENCIÓN DEL TÍTULO |
| Título |
Cosas nuestras : |
| Resto del título |
monólogos / |
| Mención de responsabilidad, etc. |
Andreu Buenafuente, Xavier Cassadó, David Escardó, Carles Torras |
| 250 ## - MENCION DE EDICION |
| Mención de edición |
Primera edición en esta presentación, segunda reimpresión: junio de 2005 |
| 260 ## - PUBLICACIÓN, DISTRIBUCIÓN, ETC. |
| Lugar de publicación, distribución, etc. |
Madrid : |
| Nombre del editor, distribuidor, etc. |
Martínez Roca, |
| Fecha de publicación, distribución, etc. |
2005. |
| 300 ## - DESCRIPCIÓN FÍSICA |
| Extensión |
214 páginas : |
| Otras características físicas |
ilustraciones (blanco y negro) ; |
| Dimensiones |
24 cm |
| 336 ## - TIPO DE CONTENIDO |
| Fuente |
rdacontent |
| Término de tipo de contenido |
Texto |
| 337 ## - TIPO DE MEDIO |
| Fuente |
rdamedia |
| Nombre/término del tipo de medio |
sin mediación |
| 338 ## - TIPO DE SOPORTE |
| Fuente |
rdacarrier |
| Nombre/término del tipo de soporte |
volumen |
| 490 1# - MENCIÓN DE SERIE |
| Mención de serie |
MR heterodoxia |
| 500 ## - NOTA GENERAL |
| Nota general |
Índice |
| 500 ## - NOTA GENERAL |
| Nota general |
Libro basado en los monólogos del programa "La Cosa Nostra" |
| 534 ## - NOTA SOBRE LA VERSIÓN ORIGINAL |
| Frase introductoria |
Título original: Digue'm agosarat, els monòlegs |
| 650 #7 - PUNTO DE ACCESO ADICIONAL DE MATERIA--TÉRMINO DE MATERIA |
| Término de materia o nombre geográfico como elemento de entrada |
Humorismo catalán |
| Fuente del encabezamiento o término |
embne |
| 9 (RLIN) |
140194 |
| 655 #7 - TERMINO DE INDIZACIÓN--GENERO/FORMA |
| 9 (RLIN) |
234535 |
| Datos o término principal de género/forma |
Monólogos humorísticos |
| 700 ## - ENTRADA AGREGADA--NOMBRE PERSONAL |
| Nombre de persona |
Buenafuente, Andreu, |
| Fechas asociadas al nombre |
1965- |
| Término indicativo de función/relación |
Autor |
| 9 (RLIN) |
234472 |
| 700 1# - ENTRADA AGREGADA--NOMBRE PERSONAL |
| Nombre de persona |
Cassadó, Xavier |
| 9 (RLIN) |
234533 |
| Término indicativo de función/relación |
Autor |
| 700 1# - ENTRADA AGREGADA--NOMBRE PERSONAL |
| Nombre de persona |
Escardó, David |
| 9 (RLIN) |
234534 |
| Término indicativo de función/relación |
Autor |
| 830 ## - PUNTO DE ACCESO ADICIONAL DE SERIE-TÍTULO UNIFORME |
| Título uniforme |
MR heterodoxia |
| 9 (RLIN) |
224014 |
| 852 ## - LOCALIZACIÓN |
| Ubicación |
Es-MaACL |
| itemnumber |
200772 |
| Sublocalización o colección |
R.154767 |
| Número de control de estantería |
N-9526 |
| Ubicación en estantería |
Depósito J |
| Donativo/Legado |
Donación: José Lázaro García |
| Encuadernación |
Encuadernación rústica con solapas |
| 942 ## - ELEMENTOS DE ENTRADA SECUNDARIOS (KOHA) |
| Suprimir en OPAC |
No |
| Tipo de ítem Koha |
Libro impreso |